| 000 | 00609nam a22001937a 4500 | ||
|---|---|---|---|
| 999 |
_c180331 _d180331 |
||
| 005 | 20210805165507.0 | ||
| 010 | _aUR-11175 | ||
| 020 |
_c200.00 _a8194180090 |
||
| 035 | _aU-9730 | ||
| 037 | _bDBAD/PUB | ||
| 082 | _a954.022 | ||
| 100 | _aصا لحہ ر شيد | ||
| 245 |
_aمحا ضر ا ت _cصا لحہ ر شيد |
||
| 246 |
_aMohazarat (Urdu) _bby Saleha Rasheed |
||
| 260 |
_aDelhi _c2019 ء _bArshia Publications |
||
| 270 |
_aA-170,Ground Floor-3,Suriya Apartment, Dilshad Colony, _bDelhi _e110095 _l- |
||
| 300 |
_a138 ص _c22 Cm(Hb) |
||
| 942 |
_2ddc _cUR _h840.8 _mص ا ل |
||